云南省辖县级行政区地图 County-level administrative divisions of Yunan - Statistics

General Stats
  • This quiz has been taken 882 times
  • The average score is 67 of 129
Answers on the Map
Answers color-coded by a green-red scale on the quiz's map according to % correct below.
 
Answer Stats
县级类 地名 % Correct
县级市 香格里拉市
88%
县级市 大理市
86%
县级市 文山市
84%
县级市 楚雄市
83%
县级市 瑞丽市
83%
县级市 景洪市
82%
县级市 芒市
81%
县级市 泸水市
79%
勐腊县
78%
红河县
77%
市辖区 官渡区
76%
县级市 腾冲市
75%
县级市 个旧市
75%
市辖区 东川区
74%
县级市 宣威市
74%
市辖区 古城区
71%
县级市 蒙自市
70%
市辖区 五华区
70%
勐海县
70%
市辖区 呈贡区
68%
自治县 玉龙纳西族自治县
68%
县级市 弥勒市
67%
县级市 安宁市
67%
自治县 石林彝族自治县
66%
市辖区 思茅区
65%
元谋县
64%
自治县 河口瑶族自治县
64%
德钦县
63%
县级市 水富市
63%
市辖区 红塔区
62%
市辖区 西山区
61%
镇雄县
61%
市辖区 盘龙区
60%
市辖区 昭阳区
60%
自治县 澜沧拉祜族自治县
59%
县级市 澄江市
59%
宜良县
58%
华坪县
58%
市辖区 麒麟区
58%
自治县 禄劝彝族苗族自治县
57%
市辖区 马龙区
57%
彝良县
57%
县级市 禄丰市
55%
洱源县
55%
自治县 维西傈僳族自治县
55%
自治县 宁蒗彝族自治县
55%
自治县 贡山独龙族怒族自治县
55%
麻栗坡县
55%
巧家县
55%
县级市 开远市
54%
福贡县
54%
自治县 兰坪白族普米族自治县
54%
自治县 寻甸回族彝族自治县
53%
自治县 元江哈尼族彝族傣族自治县
53%
自治县 漾濞彝族自治县
52%
市辖区 晋宁区
52%
自治县 墨江哈尼族自治县
52%
盐津县
52%
建水县
50%
会泽县
50%
大关县
50%
鹤庆县
49%
自治县 金平苗族瑶族傣族自治县
49%
自治县 双江拉祜族佤族布朗族傣族自治县
49%
市辖区 沾益区
49%
绿春县
48%
元阳县
48%
云县
48%
自治县 沧源佤族自治县
48%
威信县
48%
自治县 巍山彝族回族自治县
47%
永胜县
47%
自治县 耿马傣族佤族自治县
47%
自治县 宁洱哈尼族彝族自治县
47%
自治县 西盟佤族自治县
47%
鲁甸县
47%
剑川县
46%
自治县 景东彝族自治县
46%
罗平县
46%
自治县 孟连傣族拉祜族佤族自治县
45%
师宗县
45%
丘北县
45%
通海县
45%
市辖区 隆阳区
44%
大姚县
44%
弥渡县
44%
陇川县
44%
马关县
44%
永平县
43%
盈江县
43%
富民县
43%
陆良县
43%
自治县 南涧彝族自治县
42%
嵩明县
42%
市辖区 临翔区
42%
富源县
42%
广南县
42%
砚山县
42%
云龙县
41%
自治县 景谷傣族彝族自治县
41%
施甸县
40%
梁河县
40%
石屏县
40%
绥江县
40%
龙陵县
39%
南华县
39%
武定县
39%
姚安县
39%
祥云县
39%
宾川县
38%
自治县 江城哈尼族彝族自治县
38%
富宁县
38%
西畴县
38%
牟定县
37%
自治县 镇沅彝族哈尼族拉祜族自治县
37%
市辖区 江川区
37%
易门县
37%
自治县 峨山彝族自治县
37%
双柏县
36%
凤庆县
36%
昌宁县
34%
自治县 屏边苗族自治县
34%
自治县 新平彝族傣族自治县
34%
泸西县
33%
永善县
33%
永仁县
31%
镇康县
31%
华宁县
31%
永德县
28%
No matching quizzes found
Score Distribution
Percent of People with Each Score
Percentile by Number Answered
Your Score History
You have not taken this quiz